ბათუმის შოთა რუსთაველის სახელმწიფო უნივერსიტეტის ბიბლიოთეკა

საქართველოს ისტორიის საკითხები. წ. 9 : (ბიბ.ჩანაწერი № 56122)

000 -ლიდერი
ფიქსირებული სიგრძის საკონტროლო ველი 02573nam a2200361Ia 4500
001 - საკონტროლო ნომერი
საკონტროლო ველი 23223
003 - საკონტროლო ნომრის იდენტიფიკატორი
საკონტროლო ველი GE_BSU
005 - ბოლო ოპერაციის თარიღი და დრო
საკონტროლო ველი 20250916204705.0
008 - ფიქსირებული სიგრძის მონაცემთა ელემენტები - ზოგადი ინფორმაცია
ფიქსირებული სიგრძის საკონტროლო ველი 181216s1979||||ge |||||||||||||| ||geo||
040 ## - კატალოგიზაციის წყარო
Transcribing agency GE_BSU
041 ## - ენის კოდი
Language code of text/sound track or separate title geo
080 ## - უნივერსალური ათობითი კლასიფიკაციის ინდექსი
Universal Decimal Classification number 94(479.22) ბ-57
100 ## - მთავარი ჩანაწერი - პიროვნების სახელი
Personal name ბერძენიშვილი, ნიკოლოზ
9 (RLIN) 1447
245 ## - ცნობა სათაურის შესახებ
Title საქართველოს ისტორიის საკითხები. წ. 9 :
Remainder of title მასალები ავტორის არქივიდან /
Statement of responsibility, etc ნიკოლოზ ბერძენიშვილი ; რედ. : გ. აკოფაშვილი, მ. ბერძენიშვილი, ა. ბოგვერაძე, მ. დუმბაძე, დ. მეგრელაძე, შ. ხანთაძე, ედ. ხოშტარია, გ. ჯამბურია ; მხატვარი გ. ნადირაძე ; საქ. სსრ მეცნ. აკად., ივ. ჯავახიშვილის სახ. ისტორიის ინ-ტი.
264 ## - წარმოების, გამოცემის, დისტრიბუციის და სხვა ცნობები
გამოცემის, წარმოების, დისტრიბუციის... ადგილი თბილისი :
გამოცემის, წარმოების, დისტრიბუციის... სახელწოდება მეცნიერება,
გამოცემის, წარმოების, დისტრიბუციის... თარიღი 1979.
300 ## - ფიზიკური აღწერა
Extent 281 გვ. ;
Dimensions 22 სმ.
500 ## - ზოგადი შენიშვნა
General note საძიებლები : გვ. 266-279
520 ## - SUMMARY, ETC.
Summary, etc გაშლ თავფ. რუს. ენ.
653 ## - INDEX TERM--UNCONTROLLED
Uncontrolled term საქართველოს ისტორია
653 ## - INDEX TERM--UNCONTROLLED
Uncontrolled term საქართველოს ისტორიის საკითხები
653 ## - INDEX TERM--UNCONTROLLED
Uncontrolled term წ. 9 : მასალები ავტორის არქივიდან
700 ## - ADDED ENTRY--PERSONAL NAME
Personal name ბერძენიშვილი, მ.
Relator term რედაქტორი
9 (RLIN) 18011
700 ## - ADDED ENTRY--PERSONAL NAME
Personal name ბოგვერაძე, ა.
Relator term რედაქტორი
9 (RLIN) 25828
700 ## - ADDED ENTRY--PERSONAL NAME
Personal name დუმბაძე, მ.
Relator term რედაქტორი
9 (RLIN) 25829
700 ## - ADDED ENTRY--PERSONAL NAME
Personal name მეგრელაძე, დ.
Relator term რედაქტორი
9 (RLIN) 19023
700 ## - ADDED ENTRY--PERSONAL NAME
Personal name ხანთაძე, შ.
Relator term რედაქტორი
9 (RLIN) 3464
700 ## - ADDED ENTRY--PERSONAL NAME
Personal name ხოშტარია, ედ.
Relator term რედაქტორი
9 (RLIN) 25830
700 ## - ADDED ENTRY--PERSONAL NAME
Personal name ჯამბურია, გ.
Relator term რედაქტორი
9 (RLIN) 25831
700 ## - ADDED ENTRY--PERSONAL NAME
Personal name ნადირაძე, გ.
Relator term მხატვარი
9 (RLIN) 25832
710 ## - ADDED ENTRY--CORPORATE NAME
Corporate name or jurisdiction name as entry element საქართველოს სსრ მეცნიერებათა აკადემია
Subordinate unit ივ. ჯავახიშვილის სახ. ისტორიის ინსტიტუტი
9 (RLIN) 18018
942 ## - ADDED ENTRY ELEMENTS (KOHA)
Koha item type წიგნი
Source of classification or shelving scheme
ეგზემპლარები
ჩამოწერის სტატუსი დაკარგული ეგზემპლარის სტატუსი კლასიფიკაციის წყარო ან თაროზე გაწყობის სქემა დაზიანების სტატუსი არ გაიცემა მუდმივი მდებარეობა (დაცვის ადგილი) ამჟამინდელი ადგილსამყოფელი თაროზე განთავსების ადგილი შეძენის თარიღი ღირებულება, შესყიდვის ნორმალური ფასი სრული შენახვის შიფრი შტრიხკოდი ბოლო ოპერაციის თარიღი ეგზემპლარის მიმდევრობითი ნომერი (კეტერი?) ფასის ძალაში შესვლის თარიღი ეგზემპლარის სახეობა საჯარო შენიშვნა
          ბათუმის შოთა რუსთაველის სახელმწიფო უნივერსიტეტის მთავარი ბიბლიოთეკა ბათუმის შოთა რუსთაველის სახელმწიფო უნივერსიტეტის მთავარი ბიბლიოთეკა წიგნსაცავი 2018-12-17 3.20 94(479.22) ბ-57 28205 2018-12-17 28205 2018-12-17 წიგნი 3.00 ₾.